000 00660nam a2200229Ia 4500
005 20250508152940.0
008 008 250505s9999 xx 000 0 eng d
037 _aTextual
040 _aFEDL
_beng
_cFEDL
041 _aeng
_2eng
084 _a371.3, KLA
_qFEDL
100 _aKlausmeier Herbert J
245 0 _aTeaching in the elementary school
250 _a2
260 _aNew York, USA
_bHarper and Brothers Publisher
_c1962
300 _axviii,622p
490 _aExploration series in education
650 _aTeaching Technique
700 _a Dresden Kathrine
_9762816
942 _cTEXL
_h371.3, KLA
999 _c1339768
_d1339768